01435nam a2200301 a 4500001001000000005001700010008004100027041000800068044000700076084002000083100004500103245008400148260005900232300001700291440004100308500002700349500005700376500028100433500005700714500007100771546002400842650005200866650005600918650003400974650004501008700003001053740005001083BRCA_290420190320204025.0111208s1867----gw-#---###---#000-0#ger-u ager agw a290b.B53c18671 aCervantes Saavedra, Miguel ded1547-161610aDer Sinnreiche Junker Don Quixote von der ManchacMiguel de Cervantes Saavedra. aHildburghausen (Alemania)bBibliograph Institutsc1867 a4 v.c19 cm. 0aBibliothek ausländischer Klassiker aContenido : v 4. Texto aEdición : Aus dem spanischen des von Edmund Zoller aUna de las más infieles traducciones de cuantas se han hecho en lengua alemana, pues los errores y omisiones que en ella se notan, muestran que Zoller estudió poco a los clásicos españoles y menos aún a Cervantes. Tela; lomeras decoradas con dorados Lúdovik Osterc aCon ex-libris de : Carl Krefo y sello de Adolph Roth aExistencias : En está edición solo se encuentra el volúmen 4 aTexto en : alemán14aNovela españolayÉpoca clásica, 1500-170014aLiteratura españolayÉpoca clásica, 1500-170014aNovela españolaySiglo XVII14aDon Quijote (Personaje ficticio)eNovela1 aZoller, EdmundeTraductor0 aEl Ingenioso Hidalgo Don Quijote de la Mancha